00321nam a22001097a 4500008004100000020001500041050002300056100002900079245003900108260004800147300001600195160406b xxu||||| |||| 00| 0 eng d a9966962239 aPL 8704 .K5W3 2012 aWa Mberia, Kithakad2012 aKifo kisimani /cKithaka Wa Mberia aNairobi :bMarimba Publictaions Ltd.,c2012 avii, 105p.